| 000 | | | 04055nmc2a22000003x 450 |
| 001 | | | 7eb802a2-6ea9-45c8-b2ff-b05fce17317e |
| 005 | | | 20210217172250.0 |
| 100 | ## | $a | 20190716l18871887k l0rusy0189 ca |
| 101 | 0# | $a | rus |
| 102 | ## | $a | RU |
| 200 | 1# | $a | Проект всеподданнейшего доклада о прекращении с 1887-1888 учебного года приема в приготовительные классы гимназий и прогимназий |
| | $j | 5 мая 1887 г. |
| 251 | ## | $c | Дело |
| 300 | ## | $a | Материалы по служебной деятельности И.Д. Делянова. По Министерству народного просвещения (1856-1897) |
| 801 | #0 | $a | RU |
| | $b | РГИА |
| | $c | 20190716 |
| | $g | RCR |
| 801 | #1 | $a | RU |
| | $b | ГлавНИВЦ |
| | $c | 20190716 |
| | $2 | rusmarc |
| 801 | #2 | $a | RU |
| | $b | ПБ им. Б.Н. Ельцина |
| | $c | 20210217 |
| | $g | RCR |
| | $2 | rusmarc |
| 850 | ## | $a | РГИА |
| 852 | ## | $a | РГИА |
| | $e | Федеральное казенное учреждение "Российский государственный исторический архив" (РГИА) |
| | $j | 172 |
| 937 | ## | $h | РГИА |
| | $d | 12275869 |
| | $a | ASBIBLIO_SCAN |
| 462 | #0 | $1 | 0013dfa799b-3a50-4673-b3be-8a348f2dcc4f |
| | $1 | 2001 |
| | $a | Личные, служебные и имущественные документы И. Д. Делянова. Переписка И. Д. Делянова и членов его семьи. Служебная переписка директора Департамента народного просвещения Н. М. Аничкова |
| | $1 | 251 |
| | $c | Опись |
| | $1 | 852 |
| | $j | 1 |
| 461 | #0 | $1 | 00199155341-bdc0-4986-8135-aafdb775052f |
| | $1 | 2001 |
| | $a | Делянов Иван Давыдович, граф, статс-секретарь, управляющий делами Секретного комитета о раскольниках, попечитель учебного округа, директор Публичной библиотеки, министр народного просвещения |
| | $1 | 251 |
| | $c | Фонд |
| | $1 | 852 |
| | $j | 1604 |
| 215 | ## | $a | 3 л. |
| | $d | 36,5х26 см |
| 371 | ## | $a | Документ не является опубликованным и широко распространяемым |
| 105 | ## | $a | y### |
| 122 | 0# | $a | d |
| 035 | ## | $a | 7eb802a2-6ea9-45c8-b2ff-b05fce17317e |
| 856 | ## | $u | http://readingroom.main.prlib.ru/item.aspx?id_node=n157388044&mode=full |